000 00557nam a22001817a 4500
003 ARRUPE
005 20220405094420.0
008 220405b |||||||| |||| 00| 0 eng d
040 _cArrupe
050 _aBT40.S54 1987
100 _aSheehan, Thomas
_919327
245 _aKarl Rahner
_bthe philosophical foundations
_cThomas Sheehan
260 _aAthens
_bOhio University Press
_c1987
300 _axii, 320p. ;
_c24cm.
600 _aRahner, Karl, 1904-
_924445
650 _aPhilosophical theology
_xHistory
_y20th century
_951190
942 _2lcc
_cMONOGRAPH
999 _c131241
_d131241